Statistics for Top 100 Baby Boy Names in 2019 - France

Click here to take the quiz!

General Stats

  • This quiz has been taken 459 times
  • The average score is 27 of 100

Answer Stats

RankHintAnswer% Correct
2LLéo
72%
13PPaul
72%
96JJean
70%
5LLouis
70%
6LLucas
68%
60AAlexandre
63%
65TThomas
62%
1GGabriel
59%
29VVictor
57%
90CCharles
56%
74NNoa
54%
12NNoah
54%
87WWilliam
53%
11LLiam
52%
59LLyam
52%
19MMohamed
52%
18NNathan
51%
23TThéo
51%
34AAntoine
50%
25LLéon
50%
45SSamuel
50%
9HHugo
49%
7AAdam
48%
86AAdem
48%
26MMartin
44%
14EEthan
43%
81JJoseph
41%
58SSimon
41%
21TTom
41%
4AArthur
40%
57MMathéo
39%
3RRaphaël
38%
36IIsaac
37%
8JJules
35%
94AAdrien
34%
75OOscar
34%
40RRayan
33%
20AAaron
32%
24NNoé
32%
54MMaxime
29%
55EEvan
28%
97CCharly
27%
44EEliott
26%
39VValentin
26%
88AAli
23%
31EEnzo
23%
73KKylian
23%
43CClément
22%
66MMilo
19%
69OOwen
19%
42AAyden
18%
10MMaël
18%
27MMathis
18%
80MMathys
18%
33AAxel
17%
93LLogan
17%
49MMaxence
17%
100EElio
16%
17GGabin
15%
28NNolan
15%
50YYanis
15%
30TTiméo
14%
47BBaptiste
13%
35RRobin
13%
48GGaspard
12%
64CCamille
11%
79DDiego
11%
98EEsteban
11%
16SSacha
11%
92AAntonin
9%
52IIbrahim
9%
32MMarius
9%
91TThiago
9%
15TTiago
9%
22EEden
8%
51MMalo
8%
56NNino
8%
78PPablo
8%
83YYoussef
8%
67IIsmaël
7%
70LLenny
7%
37NNaël
7%
85NNoam
7%
99NNoham
7%
38AAmir
6%
89NBasile
6%
95MMarin
6%
68CCôme
5%
46MMarceau
5%
71SSoan
5%
53SSohan
5%
76IIlyes
4%
63KKaïs
4%
77LLéandre
4%
84WWassim
4%
41AAugustine
3%
61IImran
3%
82AAyoub
2%
72IIlyan
2%
62NNaïm
2%

Score Distribution

Percentile by Number Answered

Percent of People with Each Score

Your Score History

You have not taken this quiz